Normale Ansicht MARC-Ansicht ISBD

Oficery Russkoj Imperatorskoj Armii v korpuse "krasnogo" General'nogo Štaba 1918-1945 gg. : (Titelsatznr. 38120)

[ MARC ]
MARC-Details
000 -Satzkennung
Kontrollfeld mit fester Länge 00785nac a22002411ca4500
001 - Kontrollnummer
Kontrollfeld a987691024
008 - Feld mit fester Länge zur physischen Beschreibung - Allgemeine Angaben
Kontrollfeld mit fester Länge 181204s2018 gw |||| 000u rus d
020 ## - Internationale Standardbuchnummer
Internationale Standardbuchnummer 9785937621283
Verknüpfung 978-5-93762-128-3
041 ## - Sprachcode
Sprachcode des Textes/der Tonspur oder des separaten Titels rus
040 ## - Katalogisierungsquelle
Übertragungsstelle RU-10907106
003 - Kontrollnummer Identifier
Kontrollfeld RU-10907106
100 1# - Haupteintragung - Personenname
Personenname Kaminskij, Valerij Vladimirovič
245 00 - Titel
Titel Oficery Russkoj Imperatorskoj Armii v korpuse "krasnogo" General'nogo Štaba 1918-1945 gg. :
Zusatz zum Titel personal'nyj sostav, služebnaja zanjatost', specifika ličnych sudeb ; biografičeskij spravočnik
264 ## - Produktion, Veröffentlichung, Distribution, Herstellung und Urheberrechtsvermerk
Herstellungs-, Veröffentlichungs- Vertriebs-, Erzeugungsort Sankt-Peterburg :
Produzent, Herausgeber, Distributor, Hersteller Gumanitarnaja Akademija,
Datum der Herstellung, der Veröffentlichung, des Vertriebs oder des Urheberschutzvermerks 2018
300 ## - Physische Beschreibung
Umfang Tom 1. A-Ž
650 #0 - Nebeneintragung unter einem Schlagwort - Sachschlagwort
Sachschlagwort oder geografischer Name als Eintragungselement Generalstab
650 #0 - Nebeneintragung unter einem Schlagwort - Sachschlagwort
Sachschlagwort oder geografischer Name als Eintragungselement Generalstabsdienst
650 #0 - Nebeneintragung unter einem Schlagwort - Sachschlagwort
Sachschlagwort oder geografischer Name als Eintragungselement Offizier
650 #0 - Nebeneintragung unter einem Schlagwort - Sachschlagwort
Sachschlagwort oder geografischer Name als Eintragungselement Biografie
651 #0 - Nebeneintragung unter einem Schlagwort - Geografischer Name
Geografischer Name Sowjetunion
942 ## - Zusätzliche Felder (Koha)
Koha-Medientyp Monographien
Exemplare
Ausgeschieden Verloren Beschädigt Nicht entleihbar Heimatbibliothek Aufenthaltsbibliothek Aufstellungsort Erwerbungsdatum Inventarnummer Signatur Barcode Letzte Aktivität Preis gültig von Koha-Medientyp
        MWN Osteuropa MWN Osteuropa Magazin - 2 04/12/2018 18-02763 R 60 rd Kam 1 (Bde.) 38124 23/02/2021 22/03/2021 Monographien